000 00556nam a2200217Ia 4500
005 20250425162704.0
008 250425s9999 xx 000 0 und d
020 _a0442231433
041 _aeng
082 _a658.202
100 _aDAVIS, SIDNEY A.
245 0 _aALTERNATIVE NATURAL ENERGY SOURCES IN BUILDING DESIGN
250 _aSECOND EDITION
260 _aEstados Unidos
_bVAN NOSTRAND
_c1981
260 _aNEW YORK
300 _a287
650 _aSISTEMA DE ENERGIA ELECTRICA
700 _aSCHUBERT, R P
942 _c01
010 _a96886
999 _c234396
_d234396